Future edge : discovering the new paradigms of success (Record no. 30393)

MARC details
000 -LEADER
fixed length control field 00513nam a2200181Ia 4500
020 ## - INTERNATIONAL STANDARD BOOK NUMBER
ISBN 0688109365
050 ## - CALL MARK
Classification number HD 30 .27 .B36/
100 ## - STATEMENT OF RESPONSIBILITY--MAIN AUTHOR NAME
Personal name Barker, Joel Arthur
245 #0 - TITLE STATEMENT
Title Future edge : discovering the new paradigms of success
260 ## - PUBLICATION, DISTRIBUTION, ETC. (IMPRINT)
Place of publication New York
260 ## - PUBLICATION, DISTRIBUTION, ETC. (IMPRINT)
Name of publisher W. Morrow
260 ## - PUBLICATION, DISTRIBUTION, ETC. (IMPRINT)
Year of publication 1992
300 ## - PHYSICAL DESCRIPTION
Number of Pages 240 p
650 ## - SUBJECT ADDED ENTRY--TOPICAL TERM
Topical Term Business forecasting Forecasting Paradigms (Social sciences) Success in business
942 ## - ADDED ENTRY ELEMENTS (KOHA)
Koha item type Books
Holdings
Withdrawn status Lost status Source of classification or shelving scheme Damaged status Not for loan Permanent Location Current Location Date acquired Accession Number Price effective from Koha item type
    Library of Congress Classification     NILE UNIVERSITY OF NIGERIA - MAIN LIBRARY NILE UNIVERSITY OF NIGERIA - MAIN LIBRARY 04/23/2025 0010336 04/23/2025 Books